Statistics for Famous Mathematicians

Click here to take the quiz!

General Stats

  • This quiz has been taken 44 times
  • The average score is 11 of 25

Answer Stats

Answer% Correct
Isaac Newton
85%
Leonhard Euler
79%
Carl Friedrich Gauss
76%
René Descartes
74%
Alan Turing
71%
David Hilbert
65%
Bernhard Riemann
62%
Srinivasa Ramanujan
62%
Gottfried Wilhelm Leibniz
59%
Èvariste Galois
53%
Pythagoras
50%
Euclid
47%
Emmy Noether
44%
Fibonacci
44%
Henri Poincaré
32%
Joseph-Louis Lagrange
32%
Muhammad ibn Musa al-Khwarizmi
32%
Augustin-Louis Cauchy
24%
Niels Henrik Abel
21%
Hypatia
18%
Archimedes
15%
Sophie Germain
15%
Omar Khayyam
9%
Sofya Kovalevskaya
6%
Aryabhata
3%

Score Distribution

Percentile by Number Answered

Percent of People with Each Score

Your Score History

You have not taken this quiz